Apertura económica y economía campesina / (Registro nro. 12579)

Detalles MARC
000 -LEADER
fixed length control field 01735nam a2200265Ia 4500
003 - CONTROL NUMBER IDENTIFIER
control field OSt
005 - DATE AND TIME OF LATEST TRANSACTION
control field 20210924094709.0
008 - FIXED-LENGTH DATA ELEMENTS--GENERAL INFORMATION
fixed length control field 210310s1991 ck gr 000 0 spa d
020 ## - INTERNATIONAL STANDARD BOOK NUMBER
International Standard Book Number 9586060284
040 ## - CATALOGING SOURCE
Original cataloging agency CO-JCMR
Transcribing agency CO-JCMR
041 0# - LANGUAGE CODE
Language code of text/sound track or separate title spa
082 04 - DEWEY DECIMAL CLASSIFICATION NUMBER
Classification number 338.1809861 /
Item number M149a
Edition number 23
100 1# - MAIN ENTRY--PERSONAL NAME
Personal name Machado C., Absalon,
Relator term autor
9 (RLIN) 28605
245 10 - TITLE STATEMENT
Title Apertura económica y economía campesina /
Statement of responsibility, etc. Absalon Machado C.
250 ## - EDITION STATEMENT
Edition statement Primera edición.
260 ## - PUBLICATION, DISTRIBUTION, ETC.
Place of publication, distribution, etc. Bogotá :
Name of publisher, distributor, etc. Siglo XXI,
Date of publication, distribution, etc. 1991.
300 ## - PHYSICAL DESCRIPTION
Extent 197 páginas ;
Dimensions 19 cm.
504 ## - BIBLIOGRAPHY, ETC. NOTE
Bibliography, etc. note Bibliografía a pie de página.
505 0# - FORMATTED CONTENTS NOTE
Formatted contents note Política macroeconómica y desarrollo rural. -- El nuevo modelo de desarrollo y el sector agropecuario. -- El modelo de desarrollo y la economía campesina. -- Elementos para una propuesta frente a la apertura. --
520 ## - SUMMARY, ETC.
Summary, etc. La política de apertura económica crea muchas expectativas sobre su incidencia en sectores como la economía campesina. Este ensayo busca, partiendo de los enunciados generales y sectoriales de esa política, aportar elementos para una reflexión sobre la suerte de los campesinos en el nuevo modelo de desarrollo, manejando la hipótesis de que este sector tiene posibilidades de aprovechar la apertura en su beneficio, pero también enfrenta una situación difícil. El autor aboga por la necesidad de construir un discurso moderno y contextualizado Y de la economía campesina, por la urgente actualización de la organización campesina y la necesidad de que el Estado colombiano establezca una política permanente de desarrollo rural.
650 14 - SUBJECT ADDED ENTRY--TOPICAL TERM
Topical term or geographic name entry element Economía agraria
9 (RLIN) 40787
650 24 - SUBJECT ADDED ENTRY--TOPICAL TERM
Topical term or geographic name entry element Economía campesina.
9 (RLIN) 40788
650 24 - SUBJECT ADDED ENTRY--TOPICAL TERM
Topical term or geographic name entry element Modelo de desarrollo
Form subdivision Economía
9 (RLIN) 40789
942 ## - ADDED ENTRY ELEMENTS (KOHA)
Source of classification or shelving scheme Dewey Decimal Classification
Koha item type Books
Existencias
Withdrawn status Lost status Source of classification or shelving scheme Damaged status Not for loan Home library Current library Shelving location Date acquired Source of acquisition Full call number Barcode Date last seen Copy number Price effective from Koha item type
    Dewey Decimal Classification     Biblioteca Pública José María del Castillo y Rada Biblioteca Pública José María del Castillo y Rada General Stacks 04/15/2018 Donación 338.1809861 / M149a 430004898 05/16/2024 Ej.1 03/10/2021 Books